Kraje, którym San Marino strzeliło gola - Statystyki

Ogólne statystyki
  • Ten quiz został rozwiązany 168 razy
    2 od ostatniego zresetowania
  • Średni wynik to 17 z 38
Statystyki odpowiedzi
Rok Przeciwnik Wynik Rozgrywki % Poprawnych
1993 Anglia 1:7 El. MŚ 1994
100%
2024 Gibraltar 1:1 Liga Narodów 2024/25
100%
2003 Liechtenstein 2:2 Mecz towarzyski
100%
2004 Liechtenstein 1:0 Mecz towarzyski
100%
2024 Liechtenstein 1:0 Liga Narodów 2024/25
100%
2024 Liechtenstein 3:1 Liga Narodów 2024/25
100%
2013 Polska 1:5 El. MŚ 2014
100%
2021 Polska 1:7 El. MŚ 2022
100%
1998 Austria 1:4 El. Euro 2000
50%
2001 Belgia 1:10 El. MŚ 2002
50%
2001 Belgia 1:4 El. MŚ 2002
50%
2005 Belgia 1:2 El. MŚ 2006
50%
2024 Cypr 1:4 Mecz towarzyski
50%
2023 Dania 1:2 El. Euro 2024
50%
1994 Finlandia 1:4 El. Euro 1996
50%
2023 Finlandia 1:2 El. Euro 2024
50%
2007 Irlandia 1:2 El. Euro 2008
50%
2016 Norwegia 1:4 El. MŚ 2018
50%
1991 Rumunia 1:3 El. Euro 1992
50%
2025 Rumunia 1:5 El. MŚ 2026
50%
2025 Rumunia 1:7 El. MŚ 2026
50%
2008 Słowacja 1:3 El. MŚ 2010
50%
1992 Turcja 1:4 El. MŚ 1994
50%
2007 Walia 1:2 El. Euro 2008
50%
1995 Wyspy Owcze 1:3 El. Euro 1996
50%
2026 Wyspy Owcze 1:2 Mecz towarzyski
50%
2017 Azerbejdżan 1:5 El. MŚ 2018
0%
2005 Bośnia i Hercegowina 1:3 El. MŚ 2006
0%
2019 Kazachstan 1:3 El. Euro 2020
0%
2023 Kazachstan 1:3 El. Euro 2024
0%
2021 Kosowo 1:4 Mecz towarzyski
0%
2015 Litwa 1:2 El. Euro 2016
0%
2022 Litwa 1:2 Mecz towarzyski
0%
2001 Łotwa 1:1 El. MŚ 2002
0%
2012 Malta 2:3 Mecz towarzyski
0%
2025 Malta 1:3 Mecz towarzyski
0%
2024 Saint Kitts i Nevis 1:3 Mecz towarzyski
0%
2022 Saint Lucia 1:1 Mecz towarzyski
0%
Nie znaleziono quizów pasujących do podanych kryteriów
Rozkład punktacji
Procent ludzi z każdym wynikiem
Percentyl według liczby udzielonych odpowiedzi
Twoja historia wyników
Nie rozwiązałeś tego quizu od ostatniego zresetowania